00395nam a2200145Ia 4500008004100000020001500041041001200056082001600068100001600084245008100100250000800181260003600189300000800225650001600233221030s9999 xx 000 0 und d a817808113X aEnglish a105.23bKnu aD. E. Knuth 4aThe Art of Computer Programming Vol. 3 : Sorting & Searchingcby D. E. Knuth a2nd bAddison WesleyaNew Delhic2001 a780 aBE Computer